<?xml version="1.0" encoding="UTF-8"?>
<collection xmlns="http://www.loc.gov/MARC21/slim">
 <record>
  <leader>01114nam a22003372  4500</leader>
  <controlfield tag="001">1782240721</controlfield>
  <controlfield tag="003">DE-627</controlfield>
  <controlfield tag="005">20211215123521.0</controlfield>
  <controlfield tag="007">tu</controlfield>
  <controlfield tag="008">211215s2018    sp |||||      00| ||spa c</controlfield>
  <datafield tag="020" ind1=" " ind2=" ">
   <subfield code="a">9788416574520</subfield>
   <subfield code="9">978-84-16574-52-0</subfield>
  </datafield>
  <datafield tag="020" ind1=" " ind2=" ">
   <subfield code="a">8416574529</subfield>
   <subfield code="9">84-16574-52-9</subfield>
  </datafield>
  <datafield tag="035" ind1=" " ind2=" ">
   <subfield code="a">(DE-627)1782240721</subfield>
  </datafield>
  <datafield tag="035" ind1=" " ind2=" ">
   <subfield code="a">(DE-599)KXP1782240721</subfield>
  </datafield>
  <datafield tag="040" ind1=" " ind2=" ">
   <subfield code="a">DE-627</subfield>
   <subfield code="b">ger</subfield>
   <subfield code="c">DE-627</subfield>
   <subfield code="e">rakwb</subfield>
  </datafield>
  <datafield tag="041" ind1=" " ind2=" ">
   <subfield code="a">spa</subfield>
  </datafield>
  <datafield tag="044" ind1=" " ind2=" ">
   <subfield code="c">XA-ES</subfield>
  </datafield>
  <datafield tag="084" ind1=" " ind2=" ">
   <subfield code="a">7.01</subfield>
   <subfield code="2">UDC</subfield>
  </datafield>
  <datafield tag="084" ind1=" " ind2=" ">
   <subfield code="a">7:159.9</subfield>
   <subfield code="2">UDC</subfield>
  </datafield>
  <datafield tag="100" ind1="1" ind2=" ">
   <subfield code="a">Gámez Millán, Sebastián</subfield>
   <subfield code="e">VerfasserIn</subfield>
   <subfield code="4">aut</subfield>
  </datafield>
  <datafield tag="245" ind1="1" ind2="0">
   <subfield code="a">Conocerte a través del arte</subfield>
   <subfield code="c">Sebastián Gámez Millán</subfield>
  </datafield>
  <datafield tag="264" ind1=" " ind2="1">
   <subfield code="a">Madrid</subfield>
   <subfield code="b">Ilus Books</subfield>
   <subfield code="c">2018</subfield>
  </datafield>
  <datafield tag="300" ind1=" " ind2=" ">
   <subfield code="a">236 p</subfield>
   <subfield code="b">il. color</subfield>
  </datafield>
  <datafield tag="336" ind1=" " ind2=" ">
   <subfield code="a">Text</subfield>
   <subfield code="b">txt</subfield>
   <subfield code="2">rdacontent</subfield>
  </datafield>
  <datafield tag="337" ind1=" " ind2=" ">
   <subfield code="a">ohne Hilfsmittel zu benutzen</subfield>
   <subfield code="b">n</subfield>
   <subfield code="2">rdamedia</subfield>
  </datafield>
  <datafield tag="338" ind1=" " ind2=" ">
   <subfield code="a">Band</subfield>
   <subfield code="b">nc</subfield>
   <subfield code="2">rdacarrier</subfield>
  </datafield>
  <datafield tag="500" ind1=" " ind2=" ">
   <subfield code="a">Bibliogr. : p. 231-235</subfield>
  </datafield>
  <datafield tag="787" ind1="0" ind2="8">
   <subfield code="i">Rezensiert in</subfield>
   <subfield code="a">Guardiola Iranzo, Rafael</subfield>
   <subfield code="t">[Rezension von: Sebastián Gámez Millán, Conocerte a través del arte]</subfield>
   <subfield code="d">2019</subfield>
   <subfield code="w">(DE-627)1782240748</subfield>
  </datafield>
  <datafield tag="951" ind1=" " ind2=" ">
   <subfield code="a">BO</subfield>
  </datafield>
  <datafield tag="991" ind1=" " ind2=" ">
   <subfield code="a">Rezensiertes Werk</subfield>
  </datafield>
  <datafield tag="999" ind1=" " ind2=" ">
   <subfield code="a">KXP-PPN1782240721</subfield>
   <subfield code="e">4034404787</subfield>
  </datafield>
 </record>
</collection>
